| 000 | 00933cem a22002055a 4500 | ||
|---|---|---|---|
| 001 | L140294 | ||
| 008 | 070917r18751703xxk a 0 eng u | ||
| 035 | _a(Sirsi) u140294 | ||
| 041 | 0 | _aeng | |
| 100 | 1 | _aGascoyne, Joel | |
| 245 | 0 | 3 |
_aAn actual survey of the hamlet of Lime House in the Parish of Stepney expressing the exact bounds and limitts between this and the other contingent hamlets taken Ano.Dom. 1703 Wm. Wheatly Churchwarden by Joel Gascoyne _h[cartographic material] |
| 255 | _aScale 1:2376 | ||
| 260 |
_aLondon _bJoel Gascoyne _c1875 |
||
| 300 |
_a1 map _c59 x 72 cm. |
||
| 500 | _aHandwritten note at top: "Reprint from the original copper plate in possession of the Churchwardens (abt. 1875). M.s. notes added 1895 by Arthur Harston Surveyor". | ||
| 500 | _a"J. Harris sculp." | ||
| 651 | 4 | _aLondon | |
| 690 | _aENVIRONMENTAL AND LAND CONSULTANCY-GEOMATICS-MAPPING AND POSITIONING-CARTOGRAPHY | ||
| 942 | _n0 | ||
| 999 |
_c116822 _d116822 |
||